Word Ladder: What Ever Happened to Mildred Pierce? Quiz Stats

 Plays Quiz Updated Jan 24, 2018

Challenge
Share
Tweet
Embed
Score 0/19 Timer 02:00
1 Play Today
Hint 4-Letter Word % Correct
Catholic saint of Arc•JOAN•
96.3%
Flat piece of monetary metalCOIN
94.4%
A pen for chickensCOOP
93.9%
An open-handed strikeSLAP
93.2%
A lion's warningROAR
93.2%
Cleaning substance that comes in a barSOAP
92%
A bird's winged movementFLAP
91.7%
US Revolutionary motto: '___ or Die'JOIN
90.7%
To rise into the airSOAR
90.5%
Frost poem: 'The ___ Not Taken'ROAD
90.3%
Hint 4-Letter Word % Correct
Automobile manufacturer and inventor, Henry•FORD•
90%
Edible sustenanceFOOD
89.5%
Black-eyed mammal, for shortCOON
89.3%
An imperfection or weaknessFLAW
86.8%
Slang for feces or junkCRAP
86.4%
Flexible whip used to spur horsesCROP
84.2%
A Christian crossROOD
83.1%
'That really sticks in my ___'•CRAW•
82.3%
Inspector Gadget's Dr. adversaryCLAW
80.2%

Today's Daily Dose

You're not logged in!

Compare scores with friends on all Sporcle quizzes.
Join for Free
OR
Log In

You Might Also Like...

Show Comments

Extras

Top Quizzes Today


Score Distribution

Your Account Isn't Verified!

In order to create a playlist on Sporcle, you need to verify the email address you used during registration. Go to your Sporcle Settings to finish the process.

Report this User

Report this user for behavior that violates our Community Guidelines.

Details: